<?xml version="1.0" encoding="UTF-8"?><?xml-stylesheet type="text/xsl" href="static/style.xsl"?><OAI-PMH xmlns="http://www.openarchives.org/OAI/2.0/" xmlns:xsi="http://www.w3.org/2001/XMLSchema-instance" xsi:schemaLocation="http://www.openarchives.org/OAI/2.0/ http://www.openarchives.org/OAI/2.0/OAI-PMH.xsd"><responseDate>2026-04-29T23:03:50Z</responseDate><request verb="GetRecord" identifier="oai:repisalud.isciii.es:20.500.12105/16415" metadataPrefix="marc">https://repisalud.isciii.es/rest/oai/request</request><GetRecord><record><header><identifier>oai:repisalud.isciii.es:20.500.12105/16415</identifier><datestamp>2024-09-27T07:56:52Z</datestamp><setSpec>com_20.500.12105_19604</setSpec><setSpec>com_20.500.12105_2051</setSpec><setSpec>col_20.500.12105_19605</setSpec></header><metadata><record xmlns="http://www.loc.gov/MARC21/slim" xmlns:dcterms="http://purl.org/dc/terms/" xmlns:doc="http://www.lyncode.com/xoai" xmlns:xsi="http://www.w3.org/2001/XMLSchema-instance" xsi:schemaLocation="http://www.loc.gov/MARC21/slim http://www.loc.gov/standards/marcxml/schema/MARC21slim.xsd">
   <leader>00925njm 22002777a 4500</leader>
   <datafield ind2=" " ind1=" " tag="042">
      <subfield code="a">dc</subfield>
   </datafield>
   <datafield ind2=" " ind1=" " tag="720">
      <subfield code="a">Orihuel, Javier</subfield>
      <subfield code="e">author</subfield>
   </datafield>
   <datafield ind2=" " ind1=" " tag="720">
      <subfield code="a">Capellán, Roberto</subfield>
      <subfield code="e">author</subfield>
   </datafield>
   <datafield ind2=" " ind1=" " tag="720">
      <subfield code="a">Casquero-Veiga, Marta</subfield>
      <subfield code="e">author</subfield>
   </datafield>
   <datafield ind2=" " ind1=" " tag="720">
      <subfield code="a">Soto-Montenegro, María Luisa</subfield>
      <subfield code="e">author</subfield>
   </datafield>
   <datafield ind2=" " ind1=" " tag="720">
      <subfield code="a">Desco, Manuel</subfield>
      <subfield code="e">author</subfield>
   </datafield>
   <datafield ind2=" " ind1=" " tag="720">
      <subfield code="a">Oteo-Vives, Marta</subfield>
      <subfield code="e">author</subfield>
   </datafield>
   <datafield ind2=" " ind1=" " tag="720">
      <subfield code="a">Ibáñez-Moragues, Marta</subfield>
      <subfield code="e">author</subfield>
   </datafield>
   <datafield ind2=" " ind1=" " tag="720">
      <subfield code="a">Magro-Calvo, Natalia</subfield>
      <subfield code="e">author</subfield>
   </datafield>
   <datafield ind2=" " ind1=" " tag="720">
      <subfield code="a">Luján, Víctor M</subfield>
      <subfield code="e">author</subfield>
   </datafield>
   <datafield ind2=" " ind1=" " tag="720">
      <subfield code="a">Morcillo, Miguel Ángel</subfield>
      <subfield code="e">author</subfield>
   </datafield>
   <datafield ind2=" " ind1=" " tag="720">
      <subfield code="a">Ambrosio, Emilio</subfield>
      <subfield code="e">author</subfield>
   </datafield>
   <datafield ind2=" " ind1=" " tag="720">
      <subfield code="a">Higuera-Matas, Alejandro</subfield>
      <subfield code="e">author</subfield>
   </datafield>
   <datafield ind2=" " ind1=" " tag="260">
      <subfield code="c">2023-09</subfield>
   </datafield>
   <datafield ind2=" " ind1=" " tag="520">
      <subfield code="a">Several studies performed on human subjects have examined the effects of adolescent cannabis consumption on brain structure or function using brain imaging techniques. However, the evidence from these studies is usually heterogenous and affected by several confounding variables. Animal models of adolescent cannabinoid exposure may help to overcome these difficulties. In this exploratory study, we aim to increase our understanding of the protracted effects of adolescent Δ9-tetrahydrocannabinol (THC) in rats of both sexes using magnetic resonance (MR) to obtain volumetric data, assess grey and white matter microstructure with diffusion tensor imaging (DTI) and measure brain metabolites with 1H-MR spectroscopy (MRS); in addition, we studied brain function using positron emission tomography (PET) with 2-deoxy-2-[18F]fluoro-d-glucose as the tracer. THC-exposed rats exhibited volumetric and microstructural alterations in the striatum, globus pallidus, lateral ventricles, thalamus, and septal nuclei in a sex-specific manner. THC administration also reduced fractional anisotropy in several white matter tracts, prominently in rostral sections, while in vivo MRS identified lower levels of cortical choline compounds. THC-treated males had increased metabolism in the cerebellum and olfactory bulb and decreased metabolism in the cingulate cortex. By contrast, THC-treated females showed hypermetabolism in a cluster of voxels comprising the entorhinal piriform cortices and in the cingulate cortex. These results indicate that mild THC exposure during adolescence leaves a lingering mark on brain structure and function in a sex-dependant manner. Some of the changes found here resemble those observed in human studies and highlight the importance of studying sex-specific effects in cannabinoid research.</subfield>
   </datafield>
   <datafield ind1="8" ind2=" " tag="024">
      <subfield code="a">Eur Neuropsychopharmacol. 2023 Sep;74:47-63.</subfield>
   </datafield>
   <datafield ind1="8" ind2=" " tag="024">
      <subfield code="a">10.1016/j.euroneuro.2023.05.005</subfield>
   </datafield>
   <datafield ind1="8" ind2=" " tag="024">
      <subfield code="a">1873-7862</subfield>
   </datafield>
   <datafield ind1="8" ind2=" " tag="024">
      <subfield code="a">European neuropsychopharmacology : the journal of the European College of Neuropsychopharmacology</subfield>
   </datafield>
   <datafield ind1="8" ind2=" " tag="024">
      <subfield code="a">37276836</subfield>
   </datafield>
   <datafield ind1="8" ind2=" " tag="024">
      <subfield code="a">http://hdl.handle.net/20.500.12105/16415</subfield>
   </datafield>
   <datafield ind2="0" ind1="0" tag="245">
      <subfield code="a">The long-term effects of adolescent Δ9-tetrahydrocannabinol on brain structure and function assessed through neuroimaging techniques in male and female rats.</subfield>
   </datafield>
</record></metadata></record></GetRecord></OAI-PMH>